The value of the insolvency industry (Record no. 110582)

MARC details
000 -LEADER
fixed length control field 01001cad a22002055a 4500
001 - CONTROL NUMBER
control field E149654
008 - FIXED-LENGTH DATA ELEMENTS--GENERAL INFORMATION
fixed length control field 100401s2008 xxk 000 0 eng u
035 ## - SYSTEM CONTROL NUMBER
System control number (Sirsi) u149654
041 0# - LANGUAGE CODE
Language code of text/sound track or separate title eng
110 ## - MAIN ENTRY--CORPORATE NAME
Corporate name or jurisdiction name as entry element Centre for Economics and Business Research
9 (RLIN) 3865
245 04 - TITLE STATEMENT
Title The value of the insolvency industry
Medium [electronic resource]
260 ## - PUBLICATION, DISTRIBUTION, ETC.
Place of publication, distribution, etc. London
Name of publisher, distributor, etc. CEBR
Date of publication, distribution, etc. 2008
520 ## - SUMMARY, ETC.
Summary, etc. Discusses the contribution which the insolvency sector makes to the UK. Looks at conventional measures such as employment and gross value added, as well as the industry's wider role in encouraging entrepreneurship and risk taking, and the provision of expertise and services for those in financial difficulty.
521 ## - TARGET AUDIENCE NOTE
Target audience note Advanced
590 ## - LOCAL NOTE (RLIN)
Local note KA
651 #4 - SUBJECT ADDED ENTRY--GEOGRAPHIC NAME
Geographic name United Kingdom
Chronological subdivision
690 ## - LOCAL SUBJECT ADDED ENTRY--TOPICAL TERM (OCLC, RLIN)
Topical term or geographic name as entry element MANAGEMENT-CORPORATE RECOVERY
856 40 - ELECTRONIC LOCATION AND ACCESS
Uniform Resource Identifier <a href="https://www.r3.org.uk/uploads/documents/The%20Value%20of%20the%20Insolvency%20Industry_2008(1).pdf">https://www.r3.org.uk/uploads/documents/The%20Value%20of%20the%20Insolvency%20Industry_2008(1).pdf</a>
Public note View the report free of charge (PDF file) at www.r3.org.uk
942 ## - ADDED ENTRY ELEMENTS (KOHA)
Suppress in OPAC 0
Holdings
Withdrawn status Lost status Source of classification or shelving scheme Damaged status Not for loan Home library Current library Shelving location Date acquired Total Checkouts Full call number Barcode Date last seen Copy number Price effective from Koha item type
    Dewey Decimal Classification     Virtual Virtual Online 01/04/2010   ONLINE PUBLICATION 149654-2001 06/08/2019 1 06/08/2019 Book